Przedmiot szkolny z, którym Dzieci mają problem - Statystyki

Ogólne statystyki
  • Ten quiz został rozwiązany 25 razy
  • Średni wynik to 4 z 6
Statystyki odpowiedzi
Hint Odpowiedź % Poprawnych
1. Matematyka
100%
6. Biologia
91%
3. Fizyka
91%
4. Chemia
87%
2. Historia
74%
5. Języki Obce
4%
Nie znaleziono quizów pasujących do podanych kryteriów
Rozkład punktacji
Procent ludzi z każdym wynikiem
Percentyl według liczby udzielonych odpowiedzi
Twoja historia wyników
Nie rozwiązałeś tego quizu